LIBRARY & INFORMATION CENTRE, KCAET, TAVANUR

ONLINE PUBLIC ACCESS CATALOGUE (OPAC)

Uroobinte theranhetutha kathakal / (Record no. 6542)

MARC details
000 -LEADER
fixed length control field 00420cam a2200169ua 4500
041 ## - LANGUAGE CODE
Language code of text/sound track or separate title mal
082 ## - DEWEY DECIMAL CLASSIFICATION NUMBER
Classification number 894.812301
Item number KUT/UR
100 ## - MAIN ENTRY--AUTHOR NAME
Personal name Kuttikrishnan, Uroob .
245 ## - TITLE STATEMENT
Title Uroobinte theranhetutha kathakal /
260 ## - PUBLICATION, DISTRIBUTION, ETC. (IMPRINT)
Place of publication Thrissur :
Name of publisher Current Books ,
Year of publication 1967.
300 ## - PHYSICAL DESCRIPTION
Number of Pages 655 ; .
942 ## - ADDED ENTRY ELEMENTS (KOHA)
Koha item type Books
Holdings
Withdrawn status Lost status Damaged status Home library Current library Date acquired Full call number Accession Number Koha item type
      KAUAET KAUAET 07/04/2012 894.812301 12394 Books
free website counter